00557nam a2200133Ia 4500008004100000100002300041245004800064245016300112260005300275260000900328300001000337650001500347856006100362170221s9999 xx 000 0 und d aLarisa I. Tararina aQuality Management of Pedagogical Research  cLarisa I. Tararina, Nelli G. Atayanz, Andrey I. Timonin, Natalya V. Buldakоva, Tatiana A. Petrova, Elena V. Gunina, Tatyana V. Osokina, Alfiya M. Ishmuradova bInternational Review of Management and Marketing c2016 a6 : 2 xMarketing. uhttp://www.econjournals.com/index.php/irmm/issue/view/72